000 00617nam a2200217 a 4500
005 20221125063741.0
008 040507s2002 mx r 000 0 spa d
020 _a8477387958
035 _aUPN01000133348
049 _aCG
050 4 _aHF5681 B2
_bG6.3
100 1 _aGómez Valls, Francesc
245 1 0 _aContabilidad financiera /
_cFrancesc Gómez Valls, Ma. Rosa Rovira Val.
260 _aMadrid :
_bSíntesis,
_c2002.
300 _a607 p.
440 0 _aEconomía de la empresa ;
_v4
650 2 _aContabilidad
_98728
650 4 _aFINANZAS
700 1 _aRovira Val, María Rosa,
_ecoaut.
905 _aLibro
999 _c105500
_d105500